Statistics for Las Vegas City Trivia

Click here to take the quiz!

General Stats

  • This quiz has been taken 10,935 times
    (10,930 since last reset)
  • The average score is 12 of 20

Answer Stats

ClueAnswer% Correct
Complete the quote: "What happens in Vegas …"Stays in Vegas
95%
Nickname for the part of Las Vegas Boulevard where most of the
major casinos are located
The {Strip}
93%
Nickname of Las Vegas{Sin} City
89%
Major dam located near Las VegasHoover Dam
86%
Singer of "Viva Las Vegas"Elvis Presley
73%
Type of cloud that you could see from Las Vegas from 1951–1962 because
of a nearby atomic weapons test site
Mushroom Cloud
69%
Tom Cruise movie about a man who uses his autistic brother to count cardsRain Man
66%
Desert in which Las Vegas is locatedMojave
62%
Vegas casino shaped like a pyramidThe Luxor
62%
Casino with a musical fountain in front of itBellagio
61%
NFL team of Las VegasLas Vegas Raiders
57%
Hotel, named for a bird, that was founded in 1946 with help from mobster Bugsy SiegelFlamingo
47%
NHL team of Las VegasVegas Golden Knights
45%
German entertainers whose stage act included live lions and tigers,
until one of them was mauled
Siegfried & Roy
44%
#1 hit TV show set in Las VegasCSI
43%
Aviation pioneer who spent much of his last decade as a recluse
on the top floor of the Desert Inn
Howard Hughes
42%
The largest single hotel in the United States with 6,852 roomsMGM Grand
42%
Leading male star of "Leaving Las Vegas"Nicolas Cage
41%
Complete the phrase from the famous sign: "Welcome to ______ Las Vegas"Fabulous
38%
Street that is home to most of the downtown Las Vegas casinosFremont Street
19%

Score Distribution

Percentile by Number Answered

Percent of People with Each Score

Your Score History

You have not taken this quiz since the last reset